Návrh opatrení na zvýšenie synergie rôznych generácií zamestnancov v ZF Slovakia, a.s., Trnava

Salvato in:
Dettagli Bibliografici
Autore principale: Trulík, Martin (Autore)
Altri autori: Mikulášková, Justína (Relatore della tesi)
Natura: Manoscritto Libro
Lingua:slovacco
Pubblicazione: 2019
Soggetti:
Accesso online:http://is.stuba.sk/zp/portal_zp.pl?podrobnosti=139556
Tags: Aggiungi Tag
Nessun Tag, puoi essere il primo ad aggiungerne!!

MARC

LEADER 00000ntm a22000003a 4500
001 stuzp72524
003 SK-STU
005 20190629210853.8
007 ta
008 150427s2015----xo-----f-mn---000-0-slo-d
040 |a STU  |b slo 
041 0 |a slo 
100 1 |a Trulík, Martin  |u 064000  |4 aut  |U MTF Materiálovotechnologická fakulta  |T MTF Ústav priemyselného inžinierstva a manažmentu  |X 88339  |U M4000  |Y 84  |7 88339 
242 0 1 |a Proposals for increasing the different generations of employees synergy in the ZF Slovakia, a.s., Trnava  |y eng 
245 1 0 |a Návrh opatrení na zvýšenie synergie rôznych generácií zamestnancov v ZF Slovakia, a.s., Trnava 
260 |c 2019 
650 4 |a synergia  |2 slo 
650 4 |a generácia  |2 slo 
650 4 |a spolupráca  |2 slo 
650 4 |a cooperation  |2 eng 
650 4 |a generation  |2 eng 
650 4 |a synergy  |2 eng 
700 1 |a Mikulášková, Justína  |u 064000  |k Z3  |4 ths  |U MTF Materiálovotechnologická fakulta  |T MTF Ústav priemyselného inžinierstva a manažmentu  |X 44637  |U M4000  |Y 84  |7 A000044637 
856 4 |u http://is.stuba.sk/zp/portal_zp.pl?podrobnosti=139556 
996 |c M* BP-8574  |l MMSKP  |s P  |a 0  |w stuzp72524_0001